О созыве Всесоюзного артиллерийского съезда артначальников при инспекторе артиллерии и бронесил РККА

RUSMARC
00005031cmc2a2200253#x 450
0012abf2441-c5ca-4cdd-996e-4addba571ac1
00520250415172518.0
100##$a20211218l19241924k y0rusy50 ca
1010#$arus
102##$aRU
105##$ay z |||||
1222#$ad19240514
$ad19240517
2001#$aО созыве Всесоюзного артиллерийского съезда артначальников при инспекторе артиллерии и бронесил РККА
$j14.05.1924 - 17.05.1924
215##$a7 листов
251##$cДело
300##$aЧасть текста машинописная и рукописная, часть - напечатана типографским способом
461#0$1001796d4672-8a00-4986-b488-6e42273792cc
$12001
$aЦЕНТРАЛЬНЫЙ ИСПОЛНИТЕЛЬНЫЙ КОМИТЕТ СССР (ЦИК СССР)
$1251
$cФонд
$1852
$gР
$j3316
462#0$1001876c6144-648e-4e47-9f36-db0b9e15d246
$12001
$aДела Секретариата Президиума ЦИК Союза ССР за 1924 г.
$vД. 90
$1251
$cОпись
$1852
$j17
60102$aРабоче-Крестьянская Красная армия
$c1918 - 1946
$2nlr_sh
$3RU\NLR\AUTH\661552065
$jАрхивные дела
$xИстория
$z1920 - 1930-ые гг.
60102$aВсесоюзное артиллерийское совещание Красной Армии
$2prlib_sh
$3LIBNET\UAF\0000116702
$d1
$eМосква, город
$f1924
$jАрхивные дела
801#0$aRU
$bGA_RF
801#1$aRU
$bГлавНИВЦ
$c20211218
$2rusmarc
801#2$aRU
$bПБ им. Б.Н. Ельцина
$c20220121
$gRCR
$2rusmarc
852##$aГА РФ
$j90
937##$d173053722
$hГАРФ
035##$aRuPRLIB51064617
856##$uhttp://readingroom.main.prlib.ru/item.aspx?id_node=n173053722&mode=full
850##$aГосударственный архив Российской Федерации
605##$2acquisition_Prlib
$3LIBNET\UAF\0000072769
$aВооруженные силы России
$lколлекция
605##$2acquisition_Prlib
$3DITM\AF\0000002775
$aВласть
$lколлекция
605##$2acquisition_Prlib
$3DITM\AF\0000003834
$aНарод
$lколлекция
686##$2rubbk
$a68.4(2)61ю1
$vLBC/M
Формат отображения